Využitie duálneho laserového lúča v paralelnom usporiadaní na zváranie rôznych hrúbok duplexných ocelí

Saved in:
Bibliographic Details
Main Author: Zlatňanská, Vanesa (Author)
Other Authors: Šimeková, Beáta (Thesis advisor)
Format: Manuscript Book
Language:Slovak
Published: 2025
Subjects:
Online Access:http://is.stuba.sk/zp/portal_zp.pl?podrobnosti=183884
Tags: Add Tag
No Tags, Be the first to tag this record!

MARC

LEADER 00000ntm a22000003a 4500
001 stuzp105346
003 SK-STU
005 20250614213753.4
007 ta
008 150427s2015----xo-----f-mn---000-0-slo-d
040 |a STU  |b slo 
041 0 |a slo 
100 1 |a Zlatňanská, Vanesa  |u 063000  |4 aut  |U MTF Materiálovotechnologická fakulta  |T MTF Ústav výrobných technológií  |X 111868  |U M3000  |Y 83  |7 111868 
242 0 1 |a The dual laser beam in a parallel arrangement to use for welding different thicknesses of duplex steels  |y eng 
245 1 0 |a Využitie duálneho laserového lúča v paralelnom usporiadaní na zváranie rôznych hrúbok duplexných ocelí 
260 |c 2025 
650 4 |a welding parameters  |2 eng 
650 4 |a laser welding  |2 eng 
650 4 |a duplex steel  |2 eng 
650 4 |a parametre zvárania  |2 slo 
650 4 |a laserové zváranie  |2 slo 
650 4 |a duplexná oceľ  |2 slo 
700 1 |a Šimeková, Beáta  |u 063100  |k Z2  |4 ths  |U MTF Ústav výrobných technológií  |T MTF Katedra zvárania a spájania materiálov  |X 10058  |U M3100  |Y 162  |7 A000010058 
856 4 |u http://is.stuba.sk/zp/portal_zp.pl?podrobnosti=183884 
996 |c M* DP-15678  |l MMSKP  |s P  |a 0  |w stuzp105346_0001